| 000 | 00371 a2200145 4500 | ||
|---|---|---|---|
| 001 | 92621 | ||
| 020 | _a978-1-4398-9455-2 | ||
| 082 | _a536.3/SIE | ||
| 090 |
_c44525 _d44526 |
||
| 100 | _aRobert Siegel,John R. Howell, M.Pinar Menguc | ||
| 245 | _aThermal Radiation Heat Tranfer, 5 ed | ||
| 250 | _a5 | ||
| 260 |
_aLondon _bCRC Press _c2010 |
||
| 300 | _axxx,649p. | ||
| 942 |
_aCAE NUST _cAE _k536.3/SIE |
||
| 999 |
_c327694 _d327694 |
||